000 00421nam a22001697a 4500
003 NUST - PNEC
005 20170116181037.0
008 150919b xxu||||| |||| 00| 0 eng d
020 _a-
040 _cLIBRARY
082 _a621.81 ROS
100 _911435
_aRosenthal, Emanuel
245 _aElements of machine design
_cEmanuel Rosenthal
260 _cc.1955
650 _911440
_aMachine design
_xME
942 _2ddc
_cBK
999 _c67964
_d67964